00450cam a2200169ua 45000010005000000080039000050200018000440400009000620820013000711000019000842450057001032500009001602600035001693000017002046530019002216530040002403380111019n ii |||gr||||Z||||||asm a81-86494-28-6 cMAIN a891.45131 aSarma, Apurba,11aBaghe tapur rati aru anyanya kahinicby Apurba Sarma a1st. aGuahati:bStudents stores,996. a147p:c23cm. aAssamese novel aBaghe tapur rati aru anyanya kahini